History Quiz

Random History or State Quiz

States' Most Recent Republican Senator Quiz Stats

 Plays Quiz not verified by Sporcle

Challenge
Share
Tweet
Embed
Score 0/50 Timer 10:00
0 Plays Today
State Senator % Correct
AlaskaLisa Murkowski
95.1%
MassachusettsScott Brown
89.2%
AlabamaJeff Sessions
86.3%
ArizonaJohn Kyl
86.3%
FloridaMarco Rubio
86.3%
MaineSusan Collins
86.3%
IowaCharles Grassley
83.3%
KentuckyRand Paul
83.3%
IllinoisMark Kirk
81.4%
MinnesotaNorm Coleman
79.4%
TexasJohn Cornyn
78.4%
LouisianaDavid Vitter
77.5%
New HampshireKelly Ayotte
77.5%
PennsylvaniaPat Toomey
77.5%
South CarolinaJim DeMint
77.5%
South DakotaJohn Thune
77.5%
Rhode IslandLincoln Chafee
76.5%
WisconsinRon Johnson
76.5%
GeorgiaJohnny Isakson
75.5%
North CarolinaRichard Burr
75.5%
TennesseeBob Corker
74.5%
MississippiRoger Wicker
73.5%
UtahMike Lee
73.5%
VirginiaJohn Warner
73.5%
ArkansasJohn Boozman
72.5%
State Senator % Correct
NevadaJohn Ensign
72.5%
OklahomaTom Coburn
72.5%
MissouriRoy Blunt
71.6%
OhioRob Portman
71.6%
VermontJim Jeffords
69.6%
IndianaDan Coats
68.6%
New MexicoPete Domenici
67.6%
NebraskaMike Johanns
66.7%
OregonGordon Smith
66.7%
North DakotaJohn Hoeven
63.7%
WyomingJohn Barrasso
63.7%
New YorkAl D'Amato
61.8%
KansasJerry Moran
59.8%
IdahoJim Risch
58.8%
DelawareWilliam Roth
52%
MontanaConrad Burns
52%
WashingtonSlade Gorton
48%
ConnecticutLowell P. Weicker
47.1%
MichiganSpencer Abraham
47.1%
ColoradoWayne Allard
46.1%
HawaiiHiram Fong
40.2%
MarylandCharles Mathias
29.4%
CaliforniaJohn F. Seymour
21.6%
New JerseyNicholas F. Brady
11.8%
West VirginiaJohn D. Hoblitzell
2.9%

You're not logged in!

Compare scores with friends on all Sporcle quizzes.
Join for Free
OR
Log In

You Might Also Like...

Show Comments

Extras

Top Quizzes Today


Score Distribution

Your Account Isn't Verified!

In order to create a playlist on Sporcle, you need to verify the email address you used during registration. Go to your Sporcle Settings to finish the process.

Report this User

Report this user for behavior that violates our Community Guidelines.

Details: